Sony Marvel Projects - Statistics

General Stats
  • This quiz has been taken 26 times
  • The average score is 15 of 21
Answer Stats
Year Answer % Correct
2002 Spider-Man
100%
2012 The Amazing Spider-Man
100%
2004 Spider-Man 2
95%
2007 Spider-Man 3
95%
2014 The Amazing Spider-Man 2
95%
October 2018 Venom
86%
October 2021 Venom Let There Be Carnage
86%
October 2024 Venom the Last Dance
86%
December 2024 Kraven the Hunter
82%
February 2024 Madame Web
82%
2017 Spider-Man Homecoming
82%
2019 Spider-Man Far From Home
77%
December 2021 Spider-Man No Way Home
77%
2022 Morbius
73%
2023 Spider-Man Across the Spider-Verse
73%
December 2018 Spider-Man Into The Spider-Verse
73%
Release Date TBA Spider-Man Beyond the Spider-Verse
55%
2026 Spider-Man 4 (Tom Holland)
36%
Show to be released Spider-Man Noir
23%
2019 short Spider-Ham Caught in A Ham
5%
2013 Short The Spider Within A Spider-Verse Story
5%
No matching quizzes found
Score Distribution
Percent of People with Each Score
Percentile by Number Answered
Your Score History
You have not taken this quiz